Terraria Swords Quiz - Statistics

General Stats
  • This quiz has been taken 1,456 times
    1,333 since last reset
  • The average score is 28 of 66
Answer Stats
Sword % Correct
Copper Shortsword
91%
Zenith
78%
Night's Edge
75%
Terra Blade
75%
Tin Shortsword
72%
Copper Broadsword
71%
Gold Shortsword
71%
Excalibur
70%
Iron Shortsword
68%
True Night's Edge
67%
Meowmere
66%
True Excalibur
65%
Gold Broadsword
64%
Platinum Shortsword
64%
Tin Broadsword
63%
Lead Shortsword
62%
Wooden Sword
62%
Iron Broadsword
61%
Starfury
61%
Blade of Grass
58%
Platinum Broadsword
58%
Silver Shortsword
58%
Tungsten Shortsword
58%
Enchanted Sword
57%
Muramasa
57%
Lead Broadsword
56%
Star Wrath
54%
Silver Broadsword
53%
Tungsten Broadsword
53%
Fiery Greatsword
46%
Light's Bane
46%
Titanium Sword
46%
Adamantite Sword
44%
Cobalt Sword
44%
Mythril Sword
42%
Blood Butcherer
41%
Palladium Sword
41%
The Horseman's Blade
39%
Orichalcum Sword
38%
Influx Waver
37%
Bee Keeper
35%
Cactus Sword
32%
Pearlwood Sword
29%
Ebonwood Sword
27%
Palm Wood Sword
26%
Arkhalis
25%
Boreal Wood Sword
24%
Beam Sword
23%
Breaker Blade
22%
Ice Blade
22%
Shadewood Sword
21%
Bone Sword
20%
Phaseblade
18%
Rich Mahogany Sword
18%
Phasesaber
17%
Chlorophyte Claymore
16%
Cutlass
16%
Katana
16%
Keybrand
16%
Christmas Tree Sword
13%
Chlorophyte Saber
12%
Candy Cane Sword
11%
Bladetongue
9%
Frostbrand
9%
Falcon Blade
8%
Mandible Blade
8%
No matching quizzes found
Score Distribution
Percent of People with Each Score
Percentile by Number Answered
Your Score History
You have not taken this quiz since the last reset